| 000 | 00984 a2200205 4500 | ||
|---|---|---|---|
| 003 | NUST | ||
| 005 | 20221110114752.0 | ||
| 010 | _a 94045581 | ||
| 020 | _a013073487x | ||
| 040 | _cNust | ||
| 082 | 0 | 0 | _a511.8,BRA |
| 100 | 1 |
_aBrassard, Gilles, _9102491 |
|
| 245 | 1 | 0 |
_aFundamentals of algorithmics / _cGilles Brassard, Paul Bratley. |
| 260 |
_aEnglewood, N.J. : _bPrentice Hall, _cc1996. |
||
| 300 |
_axix, 524 p. : _bill. ; _c25 cm. |
||
| 505 | _aPreliminaries (Page-1), Elementary Algorithmic (Page-57), Asymptotic Notation (Page-79), Analysis of Algorithms(Page-98), Some Data Structures(Page-147), Greedy Algorithms (Page-187), Divide-and-Conquer(Page-219), Dynamic Programming(Page-259), Exploring Graphs (Page-285), Probabilistic Algorithms (Page-328), Parallel Algorithms (Page-376), Computational Complexity (Page-413), Heuristic and Approximate Algorithms (Page-474). | ||
| 650 | 0 |
_aAlgorithms. _913771 |
|
| 700 | 1 |
_aBratley, Paul. _9102492 |
|
| 942 |
_2ddc _cBK _k511.8,BRA |
||
| 999 |
_c181842 _d181842 |
||